Fiebres / (Record no. 152268)

MARC details
000 -LEADER
campo de control de longitud fija 00689nam a22001695i 4500
001 - NÚMERO DE CONTROL
campo de control 152268
003 - IDENTIFICADOR DE NÚMERO DE CONTROL
campo de control ES-MaACL
005 - FECHA Y HORA DE LA ÚLTIMA TRANSACCIÓN
campo de control 20251004063158.0
008 - DATOS DE LONGITUD FIJA--INFORMACIÓN GENERAL
campo de control de longitud fija 010525s1889 sp |||| | spa d
040 ## - FUENTE DE CATALOGACIÓN
Centro catalogador/agencia de origen CCPB | B
Lengua de catalogación spa
Centro/agencia transcriptor CCPB | B
100 1# - ENTRADA PRINCIPAL--NOMBRE DE PERSONA
Nombre de persona Bobadilla, Emilio,
Fechas asociadas al nombre 1868-1921
9 (RLIN) 29641
245 10 - MENCIÓN DEL TÍTULO
Título Fiebres /
Mención de responsabilidad, etc. Fray Candil (Emilio Bobadilla).
260 ## - PUBLICACIÓN, DISTRIBUCIÓN, ETC.
Lugar de publicación, distribución, etc. Madrid :
Nombre del editor, distribuidor, etc. [s.n.],
Fecha de publicación, distribución, etc. 1889 (
Fabricante establecimiento tipográfico de Manuel Minuesa)
300 ## - DESCRIPCIÓN FÍSICA
Extensión XII, 176 p. ;
Dimensiones 18 cm.
852 ## - LOCALIZACIÓN
Ubicación ES-MaACL
Número de control de estantería G-7316
Nota libre -- Enc. hol.
-- -- Dedic. ms. del autor al Ateneo de Madrid
Encuadernación -- Edic.: Son XIII, 176 p. -- El autor consta en port.: Fray Candil (Emilio Bobadilla)
Holdings
Estatus retirado Estado de pérdida Estado de daño No para préstamo Colección Biblioteca de origen Biblioteca actual Ubicación en estantería Fecha de adquisición Fuente de adquisición Total de préstamos Signatura topográfica completa Código de barras Visto por última vez Precio de reemplazo Tipo de ítem Koha
        Libros del s. XIX Biblioteca del Ateneo de Madrid Biblioteca del Ateneo de Madrid Depósito 2 17/01/2008     G-7316 1158977 23/02/2023 23/02/2023 Libro impreso antiguo